000
00342 a2200157 4500
001
71434
020
_a
8532226809
040
_c
Anchieta - Colégio São Paulo
100
_a
Bernardinho, Adriana
240
1
0
_a
Hermafrodito
_l
por
245
1
0
_a
Hermafrodito
300
_a
16
362
0
_a
1997
650
4
_a
Literatura infantil
942
_c
BK
999
_c
71434
_d
71434